|
|
|
|
| LEADER |
00000nas a2200000 i 4500 |
| 001 |
ssj0001325220 |
| 003 |
WaSeSS |
| 005 |
20200512172242.0 |
| 006 |
m d |
| 007 |
cr n |
| 008 |
131017c20139999sw || s | 0eng c |
| 010 |
|
|
|a 2014256007
|
| 016 |
7 |
|
|a 018889235
|2 Uk
|
| 022 |
|
|
|a 2001-6220
|l 2001-6220
|
| 035 |
|
|
|a (WaSeSS)ssj0001325220
|
| 040 |
|
|
|a ERD
|b eng
|c ERD
|d CUD
|d OCLCO
|d RBN
|d AU@
|d OCLCQ
|d OCLCF
|d COO
|d CUS
|d CUI
|d WY@
|d CRU
|d UKMGB
|d WYU
|d LVT
|d OCLCO
|d OCLCA
|d VT2
|d OCLCO
|d STF
|d OCLCO
|d CNTRU
|d OCLCO
|d WaSeSS
|
| 042 |
|
|
|a pcc
|
| 050 |
|
4 |
|a RF1
|
| 222 |
|
0 |
|a Advances in cellular and molecular otolaryngology
|
| 245 |
0 |
0 |
|a Advances in cellular and molecular otolaryngology
|h [electronic resource].
|
| 246 |
1 |
|
|a ACMO
|
| 260 |
|
|
|a [Sweden?] :
|b Co-Action Publishing
|
| 310 |
|
|
|a Annual
|
| 362 |
1 |
|
|a Began with: Vol 1 (2013).
|
| 506 |
|
|
|a License restrictions may limit access.
|
| 588 |
|
|
|a Description based on: Vol 1 (2013); title from table of contents page, viewed Nov. 21, 2014.
|
| 588 |
|
|
|a Latest issue consulted: Vol 4 (2016) (Taylor & Francis website, viewed June 9, 2017).
|
| 650 |
|
0 |
|a Otolaryngology
|v Periodicals.
|
| 650 |
|
0 |
|a Head
|x Surgery
|v Periodicals.
|
| 650 |
|
7 |
|a Head
|x Surgery.
|2 fast
|0 (OCoLC)fst00952605
|
| 650 |
|
7 |
|a Otolaryngology.
|2 fast
|0 (OCoLC)fst01048946
|
| 650 |
|
2 |
|a Otolaryngology.
|
| 655 |
|
0 |
|a Electronic journals.
|
| 856 |
4 |
0 |
|z Full text available from Research Library: 01/01/2013 to 01/31/2017
|u https://search.proquest.com/publication/2037371
|